000 00471nam a2200181Ia 4500
999 _c30239
_d30239
001 30112
003 PK-LaUMT
005 20221004170137.0
008 140416s9999 xx 000 0 und d
040 _cPK-LaUMT
082 _aW 658.409
_bWOR-T
110 _aWorld Bank
245 4 _aThe task managers handbook
_bthe world bank's project cycle
_cWorld Bank
260 _aWashington,USA:
_bWorld Bank,
_cNA
300 _aVAR p.
546 _aEN
942 _cWEEDED OUT
_2ddc